00645nam a22001697a 4500020001800000041000800018082001700026100002000043245009400063260002300157300000800180650004200188942000700230952011100237952011000348999001700458 a9788184653816 aEng a275.408bHAG aHagelberg, Dave a A commentary on Colossians : the proclamation of Christ that leads to spiritual maturity aDelhibISPCKc2014 a209 aBible. -- Colossians -- Commentaries. cBK 00104070aHMIbHMIcGENd2020-06-03eISPCKg250.00l0o275.408 HAGp11004251r2026-01-16w2026-01-16yBK 00104070aHMIbHMIcGENd2020-06-03eISPCKg250.00l0o275.408 HAGp11-4250r2020-06-03w2020-06-03yBK c22892d22892